Математические аспекты моделирования колебаний и кильватерных волн в плазме: монография

Մատենագիտական մանրամասներ
Հիմնական հեղինակ: Чижонков Е. В. Евгений Владимирович
Ամփոփում:Монография посвящена исследованиям в актуальной области математического моделирования — в современных задачах физики плазмы, связанных с колебаниями и кильватерными волнами, возбуждаемыми коротким мощным лазерным импульсом. Впервые в одной книге подробно и с различных точек зрения изучена гидродинамическая модель кильватерной волны, в рамках которой проанализированы как ее регулярное распространение — развитие, пригодное для ускорения электронов, так и завершающий эффект опрокидывания, приводящий к нерегулируемой передаче энергии частицам плазмы. Исследования плазменных колебаний большой амплитуды представляют самостоятельный интерес, хотя ориентированы в первую очередь на анализ эффекта опрокидывания. Для научных работников в области вычислительной математики, аспирантов и студентов, а также инженеров и исследователей в прикладных областях знания, которые используют в своей деятельности аналитические, асимптотические и численные методы.
Լեզու:ռուսերեն
Հրապարակվել է: Москва, Физматлит, 2018
Խորագրեր:
Ձևաչափ: MixedMaterials Գիրք
KOHA link:https://koha.lib.tpu.ru/cgi-bin/koha/opac-detail.pl?biblionumber=341496

MARC

LEADER 00000nam0a2200000 4500
001 341496
005 20231102005341.0
010 |a 9785922117944 
035 |a (RuTPU)RU\TPU\book\369507 
090 |a 341496 
100 |a 20181002d2018 k y0rusy50 ca 
101 0 |a rus 
102 |a RU 
105 |a y z 001zy 
200 1 |a Математические аспекты моделирования колебаний и кильватерных волн в плазме  |e монография  |f Е. В. Чижонков 
210 |a Москва  |c Физматлит  |d 2018 
215 |a 252 с. 
320 |a Библиогр.: с. 243-252 
330 |a Монография посвящена исследованиям в актуальной области математического моделирования — в современных задачах физики плазмы, связанных с колебаниями и кильватерными волнами, возбуждаемыми коротким мощным лазерным импульсом. Впервые в одной книге подробно и с различных точек зрения изучена гидродинамическая модель кильватерной волны, в рамках которой проанализированы как ее регулярное распространение — развитие, пригодное для ускорения электронов, так и завершающий эффект опрокидывания, приводящий к нерегулируемой передаче энергии частицам плазмы. Исследования плазменных колебаний большой амплитуды представляют самостоятельный интерес, хотя ориентированы в первую очередь на анализ эффекта опрокидывания. Для научных работников в области вычислительной математики, аспирантов и студентов, а также инженеров и исследователей в прикладных областях знания, которые используют в своей деятельности аналитические, асимптотические и численные методы. 
606 1 |a Плазма  |x Математическое моделирование  |2 stltpush  |3 (RuTPU)RU\TPU\subj\48902  |9 67720 
610 1 |a физика 
610 1 |a плазменные колебания 
610 1 |a нерелятивистские электронные колебания 
610 1 |a релятивистские электронные колебания 
610 1 |a численное моделирование 
610 1 |a плазменные кильватерные волны 
610 1 |a кильватерные волны 
610 1 |a монографии 
675 |a 533.9  |v 4 
700 1 |a Чижонков  |b Е. В.  |g Евгений Владимирович 
801 1 |a RU  |b 63413507  |c 20181002 
801 2 |a RU  |b 63413507  |c 20181017  |g RCR 
942 |c BK